Spracovanie časových postupností pomocou BCM neurónov : Diplomová práca

Na minha lista:
Detalhes bibliográficos
Autor principal: Stančík, Michal (Author)
Outros Autores: Beňušková, Ľubica (Thesis advisor)
Formato: Manuscrito Livro
Idioma:eslovaco
Publicado em: Bratislava : STU v Bratislave FEI, 2000
Assuntos:
Tags: Adicionar Tag
Sem tags, seja o primeiro a adicionar uma tag!

MARC

LEADER 00000ntm a22000003a 4500
001 stu54897
005 20160719164852.9
008 000825s2000----xo------------------slo-d
040 |a STU  |b slo 
041 0 |a slo 
044 |a xo 
100 1 |a Stančík, Michal  |4 aut 
245 1 |a Spracovanie časových postupností pomocou BCM neurónov :  |b Diplomová práca 
260 |a Bratislava :  |b STU v Bratislave FEI,  |c 2000 
300 |a 51 s 
650 7 |a informatika  |2 stusub 
700 1 |a Beňušková, Ľubica  |4 ths 
996 |b EDIPL-6224  |c I*DIPL-6224  |l II680  |s A  |a 24  |w stu54897_0001